000 00552nam a2200193 i 4500
001 104499
003 ES-MaACL
005 20251018063059.0
007 t|
008 051130s1970 sp ||||1| spa d
100 1 _aMiller, Henry,
_d1891-1980
_9242368
245 1 0 _aPrimavera negra /
_cHenry Miller; traducció de Jordi Arbones.
250 _a[1ª ed.].
260 _aBarcelona :
_bAymá,
_c1970.
300 _a204 p. ;
_c21 cm.
700 1 _aArbones, Jordi.
_922417
852 _aES-MaACL
_jC-45685
_bR.73104
999 _c104499
_d104499